000 00734cam a22002653a 4500
001 20728
003 PGUSA
005 20140828083436.0
008 070303s2007||||xxu|||||s|||||000 1 eng d
040 _aPGUSA
_beng
042 _adc
050 4 _aPS
100 1 _aPiper, H. Beam,
_d1904-1964
245 1 0 _aSpace Viking
_h[electronic resource] /
_cH. Beam Piper
260 _bProject Gutenberg,
_c2007
506 _aPublic domain in the USA.
516 _aElectronic text
653 _aRevenge -- Fiction
653 _aScience fiction
653 _aSpace warfare -- Fiction
700 1 _aSchoenherr, John,
_d1935-2010
830 0 _aProject Gutenberg
_v20728
856 4 0 _uhttp://www.gutenberg.org/ebooks/20728
942 _cEB
999 _c249983
_d249983